000 01294nam0a22002891 4500
001 rc\2119814
005 20110829170935.8
035 _a(NLR Aleph) 006698015
090 _a5214617
_c5214617
100 _a20110829d1979 |||y0rusy50 ca
101 0 _arus
102 _aRU
105 _aa z |||||
200 1 _aАнализ и оценка эффективности конструкций сельскохозяйственных машин
_eСб. статей
_fРост. н/Д ин-т с.-х. машиностроения
_g[Редкол.: В.И. Безжон (отв. ред.) и др.]
210 _aРостов-на-Дону
_cРИСХМ
_d1979
215 _a215 с., 5 л. табл.
_cил.
_d20
320 _aБиблиогр. в конце статей
606 _aСельскохозяйственные машины и орудия
_jСборники
_xИсследование
_2psbo
702 1 _aБезжон
_bВ. И.
_4340
712 0 2 _aРостовский-на-Дону институт сельскохозяйственного машиностроения
_3RU\NLR\AUTH\889917470
801 0 _aRU
_bNLR
_gpsbo
801 1 _aRU
_bELAR
_2rusmarc
852 _aNLR
_j80-3/776
899 _aRuMoRGB
_jБ 79-33/465
899 _aRuMoRGB
_jБ 79-33/466
942 _cBOOK
980 _aNB